000
00318nam a2200145Ia 4500
100
_a
Adam .J.T
650
_a
Electrical Engineering
942
_c
RB
654
_a
Home System
245
_a
Home System & Applications
260
_b
Arco Pub.
_a
New York
_c
1981
082
_a
644
300
_a
1207
546
_a
ENGLISH
999
_c
28316
_d
28316